| 000 | 00405nam a22001697a 4500 | ||
|---|---|---|---|
| 999 |
_c6408 _d6406 |
||
| 005 | 20210904103609.0 | ||
| 008 | 200521b xxu||||| |||| 00| 0 eng d | ||
| 020 | _a9789388206280 | ||
| 041 | _aeng | ||
| 082 | _a342.54 | ||
| 100 |
_aShuklas, V N and Singh Mahendra Pal _95721 |
||
| 245 | _aConstitution of India | ||
| 260 |
_aLucknow _bEBS _c2017 |
||
| 300 | _a1254 | ||
| 650 |
_aLaw _95701 |
||
| 942 | _cBK | ||